00955 2200385 4500001002100000005001700021008004100038035002400079040001200103082001200115090001900127100001700146245006300163260007000226300002000296650003100316700002100347850001200368990001200380990001200392990001200404990001200416990001200428990001200440990001100452990001200463990001200475990001200487990001200499990001100511990001200522990001200534990001100546990001200557YOGYA-0612000000022320120604195528.0 ind  0010-061200000000223 aYOPDYOG a899.221 a899.221bYas M aYASADIPURA I aMenak SorangancYasadipura I, alih bahasa; Wirasmi Abimayu aJakartabProyek penerbitan buku sastra Indonesia dan daerahc1982 a...Jil Ic21 cm aKesusastraan Daerah - Jawa aABIMAYU, Wirasmi aYOPDYOG a62223-a a62221-a a62226-a a62225-a a62220-a a62226-A a6222-A a62223-A a62223-a a62226-A a62220-a a6222-A a62220-a a62226-A a6222-A a62223-a